Matrix analysis (Record no. 755001)

MARC details
000 -LEADER
fixed length control field 00488nam a22001817a 4500
020 ## - INTERNATIONAL STANDARD BOOK NUMBER
ISBN 9780387948461
100 ## - MAIN ENTRY--AUTHOR NAME
Personal name Rajendra Bhatia
245 ## - TITLE STATEMENT
Title Matrix analysis
260 ## - PUBLICATION, DISTRIBUTION, ETC. (IMPRINT)
Place of publication New York
Name of publisher Springer
Year of publication 1997
300 ## - PHYSICAL DESCRIPTION
Number of Pages xi+347
490 ## - SERIES STATEMENT
Series statement Graduate texts in mathematics
500 ## - GENERAL NOTE
General note Graduate texts in mathematics - 169
650 ## - SUBJECT ADDED ENTRY--TOPICAL TERM
Topical Term Linear algebra
650 ## - SUBJECT ADDED ENTRY--TOPICAL TERM
Topical Term Operator theory
650 ## - SUBJECT ADDED ENTRY--TOPICAL TERM
Topical Term Numerical analysis
942 ## - ADDED ENTRY ELEMENTS (KOHA)
Source of classification or shelving scheme Dewey Decimal Classification
Koha item type Book
Holdings
Withdrawn status Lost status Damaged status Not for loan Home Library Current Location Shelving location Date acquired Full call number Accession Number Price effective from Koha item type Source of classification or shelving scheme Collection code Source of acquisition Cost, normal purchase price
        Dept. of Mathematics Dept. of Mathematics Processing Center 23/09/2021 512.943 RAJ-M MAT4932A 01/11/2019 Book        
        Dept. of Mathematics Dept. of Mathematics General Stacks 08/01/2026 512.943 RAJ-M MATG240 13/01/2026 Book Dewey Decimal Classification Gift or donation Donated by Dr. Krishna Kumar G on the completion of SERB sponsored project (UO. No: Ad.F1/1373/2021 dated 22/01/2024) 5587.34